Top 100 prénoms féminins en 1930 - Statistiques

Statistiques générales
  • Ce quiz a été pris 491 fois
  • Le résultat moyen est 51 sur 100
Statistiques - réponses
Hint Réponse % Correct
A-M Anne-Marie
98%
M Marie
98%
J Jeanne
92%
M-L Marie-Louise
80%
M-T Marie-Thérèse
80%
A Anne
79%
L Louise
79%
J Juliette
77%
P Paule
76%
Y Yvette
76%
T Thérèse
75%
F Françoise
73%
P Paulette
71%
M Michelle
70%
Y Yvonne
70%
J Jacqueline
69%
M Monique
69%
G Georgette
66%
H Hélène
65%
J Jeannine
64%
L Lucie
64%
C Catherine
63%
O Odette
63%
D Denise
62%
M Marguerite
61%
R Rose
61%
C Charlotte
60%
J Josette
60%
M Maria
60%
M Madeleine
59%
B Bernadette
58%
H Henriette
58%
A Andrée
57%
J Jeannette
57%
N Nicole
57%
R Renée
57%
S Simone
57%
S Simonne
57%
C Christiane
56%
C Colette
56%
A Anna
55%
E Elisabeth
55%
S Suzanne
55%
F Francine
54%
H Huguette
54%
J Joséphine
54%
M Michèle
54%
G Ginette
52%
J Josiane
52%
A Alice
51%
P Pierrette
51%
C Claudine
50%
G Germaine
50%
R Raymonde
50%
C Claudette
49%
E Elise
49%
O Odile
49%
G Gisèle
48%
C Claire
47%
L Lucienne
47%
G Gabrielle
46%
M Marcelle
46%
M Mauricette
46%
Y Yolande
46%
L Léa
45%
M Micheline
43%
A Annette
41%
C Cécile
41%
G Geneviève
41%
L Lucette
41%
M Marthe
41%
S Solange
41%
M Mireille
40%
A Angèle
39%
A Antoinette
39%
J Jeanine
39%
L Louisette
39%
I Irène
38%
A Aline
37%
A Annick
37%
F Fernande
37%
L Liliane
37%
B Berthe
34%
E Emilienne
34%
E Edith
33%
E Eugénie
33%
R Rolande
33%
E Eliane
31%
G Gilberte
31%
A Agnès
30%
R Régine
30%
A Arlette
29%
A Adrienne
28%
J Janine
28%
M Marinette
28%
A Aimée
24%
C Carmen
20%
R Reine
20%
L Léone
19%
N Nelly
15%
Aucun quiz correspondant
Distribution des résultats
% des personnes avec chaque résultat
Percentile par nombre de réponses
Votre historique - résultats
Vous n’avez pas pris ce quiz